Jake and Amir Trivia - Statistics

General Stats
  • This quiz has been taken 31 times
  • The average score is 13 of 15
Answer Stats
Hint Answer % Correct
When Amir gets sad and cries, he says he is "what"-ing? beef
100%
Amir's other old catchprase: "______ tonight?" dinner
97%
Amir frequently calls this old friend of his, almost always to mess with him in some manner. Mickey
97%
Jake is assaulted by a man with many names and professions. One of his most recent real life professions? Being Sonic the Hedgehog. Who is he? (Real name) Ben Schwartz
93%
Amir has an old frenemy with a strange name that he calls by a nickname that annoys him greatly. What is the nickname? doobs
93%
Fill in Amir's old catchphrase: "Oh ______ y'all, t'was a dream!" sheesh
93%
What is Amir's dad known for doing constantly? moving
90%
Amir buys Jake a gift. Jake doesn't want it, and even if he did it is too small for him to wear. What is it? Rolex
90%
Amir's girlfriend choses to be with Jake instead. Shortly thereafter, she meets an untimely fate thanks to what? bus
86%
Amir's favorite food. chicken nuggets
86%
Jake buys a hat he likes a lot, but other people don't seem to think so. What kind of hat is it? fedora
86%
Amir is known for writing lists on these to read to Jake, much to Jake's confusion. scrolls
86%
Amir calls Jake a loser for hiring a coach to help him with what? Tinder
72%
Number 10 on Amir's top 10 list of alternatives to turkey on Thanksgiving (because eating turkey is animal cruelty). wren
52%
Jake is assaulted on a bus, forcing him to get off, while the other passengers gave his assaulter a standing ovation. What did Jake get to provoke this reaction? earrings
31%
No matching quizzes found
Score Distribution
Percent of People with Each Score
Percentile by Number Answered
Your Score History
You have not taken this quiz